Online katalóg knižníc regiónu Turca

Román o Tristanovi a Izolde (Record no. 20571)

MARC details
000 -LEADER
fixed length control field 01141nam a2200337 a 4500
001 - CONTROL NUMBER
control field 20571
003 - CONTROL NUMBER IDENTIFIER
control field VRT
005 - DATE AND TIME OF LATEST TRANSACTION
control field 20260126134618.0
008 - FIXED-LENGTH DATA ELEMENTS--GENERAL INFORMATION
fixed length control field 000101s1977 xo a 000 0 slo d
035 ## - SYSTEM CONTROL NUMBER
System control number UKB000255375
039 #9 - LEVEL OF BIBLIOGRAPHIC CONTROL AND CODING DETAIL [OBSOLETE]
Level of rules in bibliographic description 201403171629
Level of effort used to assign nonsubject heading access points stasu
Level of effort used to assign subject headings 201403171417
Level of effort used to assign classification stasu
Level of effort used to assign subject headings 200710230846
Level of effort used to assign classification viera
040 ## - CATALOGING SOURCE
Original cataloging agency BAA001
Language of cataloging slo
Transcribing agency BAA001
Description conventions AACR2
041 1# - LANGUAGE CODE
Language code of text/sound track or separate title slo
Language code of original fre
044 ## - COUNTRY OF PUBLISHING/PRODUCING ENTITY CODE
MARC country code xo
ISO country code SK
100 1# - MAIN ENTRY--PERSONAL NAME
Personal name Bédier, Joseph,
Dates associated with a name 1864-1938
245 10 - TITLE STATEMENT
Title Román o Tristanovi a Izolde
Statement of responsibility, etc. Joseph Bédier ; z franc. orig. prel. a dosl. nap. Mária Kosová ; verše prel. Valentín Beniak ; ilustr. Ján Meisner
250 ## - EDITION STATEMENT
Edition statement 3. vyd.
260 ## - PUBLICATION, DISTRIBUTION, ETC.
Place of publication, distribution, etc. Bratislava
Name of publisher, distributor, etc. Slovenský spisovateľ
Date of publication, distribution, etc. 1977
300 ## - PHYSICAL DESCRIPTION
Extent 191 s.
700 1# - ADDED ENTRY--PERSONAL NAME
Personal name Kosová, Mária
Relationship trl
700 1# - ADDED ENTRY--PERSONAL NAME
Personal name Beniak, Valentín
Relationship trl
700 1# - ADDED ENTRY--PERSONAL NAME
Personal name Meisner, Ján
Relationship ill
910 ## - USER-OPTION DATA (OCLC)
User-option data ukb
942 ## - ADDED ENTRY ELEMENTS (KOHA)
Source of classification or shelving scheme Dewey Decimal Classification
Koha item type Krásna literatúra pre dospelých
Suppress in OPAC No
949 ## - LOCAL PROCESSING INFORMATION (OCLC)
6 1800354324
a 24.D.36238
b KD.1804-77
949 ## - LOCAL PROCESSING INFORMATION (OCLC)
6 820941
a S.D.61588
b PV.820-77
949 ## - LOCAL PROCESSING INFORMATION (OCLC)
6 1800142989
a 24.D.36238
b PV.819-77
949 ## - LOCAL PROCESSING INFORMATION (OCLC)
6 1800079361
a 24.D.36238
b KD.1805-77
949 ## - LOCAL PROCESSING INFORMATION (OCLC)
6 1800144646
a 24.D.36238
b KD.272-77
949 ## - LOCAL PROCESSING INFORMATION (OCLC)
6 1800151737
a 24.D.36238
b KD.271-77
Holdings
Stav vyradenia Strata Poškodenie Spôsob nadobudnutia Domovská knižnica Aktuálna knižnica Dátum nadobudnutia Total checkouts Čiarový kód exemplára Date last seen Typ exemplára
      Dar Obecná knižnica Horná Štubňa Obecná knižnica Horná Štubňa 26.01.2026   4736200619 26.01.2026 Krásna literatúra pre dospelých
Projekt je podporený Slovenskou asociáciou knižníc
Prevádzkuje Turčianska knižnica Martin 2026